000 00726cam a22002415a 4500
001 016307012
003 OSt
005 20160215151748.0
008 130326t2013 njua frb 001 0 eng d
020 _a9781118318676 (paperback)
040 _aUk
_beng
_cUk
_dEG-ScBUE
082 0 4 _a620.106
_222
_bFLU
245 0 0 _aFluid mechanics /
_cBruce R. Munson ... [et al.]
250 _a7th ed., SI version.
260 _aHoboken :
_bJohn Wiley & Sons,
_cc.2013.
300 _a(Various pagings) :
_bill. ;
_c28 cm.
504 _aIncludes bibliographical references and index.
650 7 _aFluid mechanics.
_2BUEsh
_95179
651 _2BUEsh
653 _bENGMEC
_cFebruary2016
700 1 _aMunson, Bruce Roy,
_d1940-
942 _2ddc
999 _c21156
_d21128